| 000 | 02164nam a2200589 i 4500 | ||
|---|---|---|---|
| 001 | 991052889971105066 | ||
| 003 | NyNyJPI | ||
| 005 | 20260413194153.0 | ||
| 008 | 210428s2021 pl abch |001 0 pol c | ||
| 009 | b1000000950578 | ||
| 015 | _aUWD 2021/14030 | ||
| 020 |
_a9788365248534 _q(oprawa miękka) |
||
| 020 |
_z9788365248541 _q(e-book) |
||
| 035 | _a(PL)b1000000950578 | ||
| 035 | _a(EXLNZ-48OMNIS_NETWORK)9912033170305606 | ||
| 040 |
_aWA N _cWA N _dWA N _dKR U _dWA N _dLUBL KUL _dWA N _dKR 295 |
||
| 041 | 1 |
_apol _heng |
|
| 045 | 1 | _bd1791 | |
| 046 | _k2021 | ||
| 080 |
_81.1\x _a94(438).06"1788/1792" |
||
| 080 |
_81.2\x _a342.4(438) |
||
| 084 | _a01 | ||
| 100 | 1 |
_aButterwick, Richard _d(1968- ) _eAutor |
|
| 245 | 1 | 0 |
_aKonstytucja 3 Maja : _btestament Rzeczypospolitej Obojga Narodów / _cRichard Butterwick ; z angielskiego przełożył Tomasz Gromelski. |
| 246 | 1 |
_iTytuł oryginału: _aThe Constitution of 3 May 1791 : _btestament of the Polish-Lithuanian Commonwealth, _f2021 |
|
| 246 | 3 | 0 | _aTestament Rzeczypospolitej Obojga Narodów |
| 250 | _aPierwsze wydanie. | ||
| 260 |
_aWarszawa : _bMuzeum Historii Polski, _c2021. |
||
| 300 |
_a189, [1] strona : _bfaksymilia, fotografie, ilustracje, mapy, portrety ; _c21 cm. |
||
| 336 |
_aTekst _btxt _2rdacontent |
||
| 337 |
_aBez urządzenia pośredniczącego _bn _2rdamedia |
||
| 338 |
_aWolumin _bnc _2rdacarrier |
||
| 380 | _aKsiążki | ||
| 380 | _aPublikacje naukowe | ||
| 388 | 1 | _a2001- | |
| 504 | _aBibliografia na stronach 171-177. Indeks. | ||
| 600 | 0 | 7 |
_aStanisław August Poniatowski _c(król Polski ; _d1732-1798) _2DBN |
| 610 | 2 | 7 |
_aSejm (1788-1792) _2DBN |
| 610 | 2 | 0 |
_aPoland. _tKonstytucja (1791) |
| 630 | 0 | 7 |
_aKonstytucja Polski (1791) _2DBN |
| 648 | 7 |
_a1701-1800 _2DBN |
|
| 650 | 7 |
_aOświecenie _2DBN |
|
| 650 | 7 |
_aPrawo konstytucyjne _2DBN |
|
| 651 | 7 |
_aPolska _2DBN |
|
| 651 | 7 |
_aWielkie Księstwo Litewskie _2DBN |
|
| 651 | 0 |
_aPoland _xPolitics and government _y1763-1796 |
|
| 655 | 7 |
_aMonografia _2DBN |
|
| 658 | _aHistoria | ||
| 700 | 1 |
_aGromelski, Tomasz _eTłumaczenie |
|
| 710 | 2 |
_aMuzeum Historii Polski (Warszawa) _eWydawca _4pbl |
|
| 942 |
_2z _cBK _n0 |
||
| 999 |
_c91109 _d91109 |
||